[Event "Novi Sad ol (Men)"]
[Site "Novi Sad YUG"]
[Date "1990.??.??"]
[Round "9"]
[White "Greenfeld, Alon"]
[Black "Hoffman, Alejandro S"]
[Result "1/2-1/2"]
[WhiteElo "2510"]
[BlackElo "2385"]
[PlyCount "108"]
[EventDate "1990.11.??"]
[Source "www.chesslib.no"]
[SourceDate "2004.05.04"]

1. d4 Nf6 2. c4 e6 3. Nc3 d5 4. Bg5 Be7 5. e3 Nbd7 6. Rc1 O-O 7. Nf3 a6 8. cxd5 exd5 9. Bd3 c6 10. Qc2 g6 11. O-O Nh5 12. Bh6 Ng7 13. h3 Nb6 14. Ne5 Re8 15. Qb3 Bd6 16. Bf4 Bc7 17. Rfe1 Be6 18. Nf3 Bxf4 19. exf4 Rb8 20. f5 gxf5 21. Ne2 Nd7 22. Nf4 Nf8 23. Qc2 Ng6 24. Qd2 Qd6 25. Nxe6 fxe6 26. Ne5 Nxe5 27. Rxe5 Rf8 28. Qg5 Rbc8 29. Rce1 Qd8 30. Qg3 Kh8 31. Kh1 c5 32. dxc5 Rxc5 33. Qe3 Rc6 34. b3 d4 35. Qf3 Rc3 36. Qe2 Qd6 37. Qd2 b5 38. a4 Rxb3 39. axb5 axb5 40. Bxb5 Rc3 41. h4 Rc5 42. Rxc5 Qxc5 43. Qe2 Rd8 44. Kg1 Qe7 45. g3 Qf6 46. Kf1 h6 47. Kg2 Rd5 48. Bc4 Rd7 49. Ra1 e5 50. Ra6 Rd6 51. Ra8+ Kh7 52. h5 d3 53. Bg8+ Kh8 54. Bb3+ Kh7 1/2-1/2

[Event "TCh-Rep. Srpska, Jahorina BIH"]
[Site "?"]
[Date "2001.??.??"]
[Round "5"]
[White "Brenjo, S."]
[Black "Vukovic, Zd"]
[Result "1/2-1/2"]
[WhiteElo "2445"]
[BlackElo "2450"]
[PlyCount "47"]
[EventDate "2001.??.??"]
[Source "www.chesslib.no"]
[SourceDate "2004.05.04"]

1. d4 d5 2. c4 e6 3. Nc3 Be7 4. Nf3 Nf6 5. Bg5 O-O 6. e3 Nbd7 7. Rc1 a6 8. cxd5 exd5 9. Bd3 Re8 10. O-O c6 11. Qc2 Nf8 12. Rce1 Be6 13. Ne5 N6d7 14. Bxe7 Rxe7 15. Nxd7 Qxd7 16. Na4 Rae8 17. Nc5 Qc7 18. b4 g6 19. a4 Nd7 20. Nxd7 Bxd7 21. b5 axb5 22. axb5 f5 23. bxc6 bxc6 24. Qd2 1/2-1/2

[Event "Buenos Aires PRENAJ"]
[Site "Buenos Aires ARG"]
[Date "1994.??.??"]
[Round "11"]
[White "Casafus, Ruben"]
[Black "Tempone, Marcelo J"]
[Result "1/2-1/2"]
[WhiteElo "2430"]
[BlackElo "2460"]
[PlyCount "30"]
[EventDate "1994.??.??"]
[Source "www.chesslib.no"]
[SourceDate "2004.05.04"]

1. d4 d5 2. c4 e6 3. Nc3 Be7 4. Nf3 Nf6 5. Bg5 O-O 6. e3 Nbd7 7. Rc1 a6 8. cxd5 exd5 9. Bd3 c6 10. Qc2 Re8 11. O-O Nf8 12. a3 g6 13. b4 Ne6 14. Bh4 Ng7 15. Na4 Bf5 1/2-1/2

[Event "Dortmund op-A"]
[Site "Dortmund GER"]
[Date "1993.??.??"]
[Round "10"]
[White "Boehle, Lars"]
[Black "Balashov, Yuri S"]
[Result "1/2-1/2"]
[WhiteElo "2345"]
[BlackElo "2545"]
[PlyCount "144"]
[EventDate "1993.04.??"]
[Source "www.chesslib.no"]
[SourceDate "2004.05.04"]

1. d4 Nf6 2. c4 e6 3. Nc3 d5 4. Bg5 Be7 5. e3 O-O 6. Nf3 Nbd7 7. Rc1 a6 8. cxd5 exd5 9. Bd3 Re8 10. O-O c6 11. Qc2 Nf8 12. Rce1 Ne4 13. Bxe7 Qxe7 14. Bxe4 dxe4 15. Nd2 f5 16. f3 exf3 17. Nxf3 Be6 18. e4 fxe4 19. Rxe4 Rad8 20. Kh1 Qf7 21. Qc1 Bc4 22. Rfe1 Rxe4 23. Rxe4 Ng6 24. b3 Bd3 25. Re3 Bf5 26. Qe1 h6 27. Ne4 b6 28. h3 a5 29. Ng3 Bd7 30. Ne5 Nxe5 31. Rxe5 Rf8 32. Qe4 Qf4 33. Kh2 Rf6 34. d5 cxd5 35. Qxf4 Rxf4 36. Rxd5 Be8 37. Rd6 b5 38. Kg1 a4 39. Ne2 Rb4 40. Nc1 Bf7 41. Nd3 Re4 42. bxa4 Rxa4 43. Rb6 Ra5 44. Ne5 Bd5 45. Nc6 Bxc6 46. Rxc6 Rxa2 47. Rb6 Rb2 48. h4 Kf7 49. Kh2 Rb3 50. Kg1 b4 51. Kf2 Ke7 52. Ke2 Kf7 53. Kf2 Rb2+ 54. Kg3 b3 55. Kf3 h5 56. g3 Rb1 57. Kg2 Ke7 58. Rg6 Rd1 59. Rxg7+ Kd6 60. Rb7 Rd3 61. g4 hxg4 62. h5 Kc5 63. h6 Kc4 64. h7 Rh3 65. Rc7+ Kd3 66. Rb7 Kc2 67. Rc7+ Kb1 68. Rb7 b2 69. Rc7 Ka2 70. Ra7+ Kb3 71. Rb7+ Kc3 72. Rc7+ Kb3 1/2-1/2

[Event "Tatran Cup"]
[Site "Stary Smokovec SVK"]
[Date "1984.??.??"]
[Round "1"]
[White "Plachetka, Jan"]
[Black "Knezevic, Milorad"]
[Result "1/2-1/2"]
[WhiteElo "2440"]
[BlackElo "2450"]
[PlyCount "32"]
[EventDate "1984.11.??"]
[Source "www.chesslib.no"]
[SourceDate "2004.05.04"]

1. Nf3 Nf6 2. d4 d5 3. c4 e6 4. Nc3 Nbd7 5. Bg5 Be7 6. e3 O-O 7. Rc1 a6 8. cxd5 exd5 9. Bd3 c6 10. O-O Re8 11. Qc2 Nf8 12. h3 Ng6 13. Ne5 Nd7 14. Bxe7 Qxe7 15. f4 Nf6 16. Rce1 c5 1/2-1/2

[Event "Hospitalet de Llobre IT"]
[Site "?"]
[Date "1973.10.21"]
[Round "1"]
[White "Pomar Salamanca Arturo"]
[Black "Lengyel Levente"]
[Result "1/2-1/2"]
[WhiteElo "2435"]
[BlackElo "2450"]
[PlyCount "46"]
[EventDate "1973.??.??"]
[Source "www.chesslib.no"]
[SourceDate "2004.05.04"]

1. d4 Nf6 2. c4 e6 3. Nc3 d5 4. Bg5 Be7 5. e3 O-O 6. Rc1 Nbd7 7. Nf3 a6 8. cxd5 exd5 9. Bd3 c6 10. Qc2 Re8 11. O-O Nf8 12. Ne5 Ng4 13. Bf4 Bd6 14. Nxg4 Bxg4 15. Bxd6 Qxd6 16. f3 Bh5 17. Qf2 Bg6 18. Bxg6 hxg6 19. e4 f6 20. exd5 cxd5 21. Qc2 Qb6 22. Rfd1 Rad8 23. Kh1 g5 1/2-1/2

[Event "Vrnjacka Banja"]
[Site "Vrnjacka Banja YUG"]
[Date "1985.??.??"]
[Round "8"]
[White "Paunovic, Dragan"]
[Black "Nikolic, Zivoslav"]
[Result "1/2-1/2"]
[WhiteElo "2410"]
[BlackElo "2470"]
[PlyCount "129"]
[EventDate "1985.??.??"]
[Source "www.chesslib.no"]
[SourceDate "2004.05.04"]

1. d4 Nf6 2. c4 e6 3. Nf3 d5 4. Nc3 Be7 5. Bg5 O-O 6. e3 Nbd7 7. Rc1 c6 8. Qc2 a6 9. cxd5 exd5 10. Bd3 Re8 11. O-O Nf8 12. h3 Nh5 13. Bxe7 Qxe7 14. Na4 Nf6 15. Nc5 N6d7 16. b4 Nxc5 17. bxc5 Be6 18. Rb1 Rac8 19. Rb3 g6 20. Rfb1 Rc7 21. Kf1 Bc8 22. Ke2 Ne6 23. Kd2 Ng5 24. Nxg5 Qxg5 25. g3 Kg7 26. h4 Qf6 27. Kc1 h5 28. Kb2 Qe6 29. a3 f5 30. Qe2 Ree7 31. Qf3 Qf6 32. Qf4 Qf8 33. Kc2 Qh8 34. Kd2 Qh6 35. Qxh6+ Kxh6 36. Re1 Re6 37. Rbb1 Rce7 38. Re2 Rf6 39. Rbe1 Rf8 40. Rb1 Rh7 41. f3 Rg7 42. Rg1 Rgf7 43. Kc3 Rf6 44. Rge1 R6f7 45. Kb4 Rd8 46. Bc2 Rff8 47. Rd2 Rf7 48. Ka5 Rg8 49. Rh2 Rd8 50. Kb6 Rdf8 51. Rg2 Rd8 52. Bd1 Re8 53. Bc2 Rd8 54. a4 Be6 55. Bd1 Ra8 56. a5 Re8 57. g4 fxg4 58. fxg4 hxg4 59. Bxg4 Ree7 60. Bxe6 Rxe6 61. Rb2 Re8 62. Rbb1 Kh5 63. Rf1 Rg7 64. Rf3 Kxh4 65. Rf4+ 1/2-1/2

[Event "EU-chT (Men)"]
[Site "Haifa"]
[Date "1989.??.??"]
[Round "1"]
[White "Gheorghiu, Florin"]
[Black "Orr, Mark JL "]
[Result "1/2-1/2"]
[WhiteElo "2500"]
[BlackElo "2375"]
[PlyCount "80"]
[EventDate "1989.11.??"]
[Source "ChessBase"]

1. d4 Nf6 2. c4 e6 3. Nf3 d5 4. Nc3 Be7 5. Bg5 O-O 6. e3 Nbd7 7. Rc1 c6 8. Bd3 a6 9. cxd5 exd5 10. Qc2 Re8 11. h3 Nf8 12. Bf4 Nh5 13. Bh2 g6 14. O-O Bd6 15. Bxd6 Qxd6 16. Na4 Ng7 17. Nc5 Re7 18. b4 Bf5 19. a4 Nfe6 20. Ne5 f6 21. Bxf5 fxe5 22. Bxe6+ Nxe6 23. dxe5 Qxe5 24. b5 cxb5 25. Nxe6 Rxe6 26. axb5 a5 27. Qc7 Qxc7 28. Rxc7 Rb6 29. Rd7 Rxb5 30. Rc1 a4 31. Rcc7 a3 32. Rg7+ Kf8 33. Rxh7 Kg8 34. Rcg7+ Kf8 35. Rf7+ Kg8 36. Rfg7+ Kf8 37. Rf7+ Kg8 38. Rhg7+ Kh8 39. Rh7+ Kg8 40. Rfg7+ Kf8 1/2-1/2

[Event "Forli Open"]
[Site "Forli"]
[Date "1995.??.??"]
[Round "?"]
[White "Naumkin, Igor"]
[Black "Bellomo, Francesco"]
[Result "1-0"]
[WhiteElo "2500"]
[BlackElo "2375"]
[PlyCount "101"]
[EventDate "1995.??.??"]
[Source "www.chesslib.no"]
[SourceDate "2004.05.04"]

1. d4 d5 2. c4 e6 3. Nc3 Be7 4. Nf3 Nf6 5. Bg5 O-O 6. e3 Nbd7 7. Rc1 a6 8. cxd5 exd5 9. Bd3 c6 10. Qc2 Re8 11. O-O Nf8 12. Rce1 Bg4 13. Ne5 Bh5 14. f4 N6d7 15. Bxe7 Rxe7 16. Kh1 f6 17. Nf3 Bg6 18. f5 Bf7 19. g4 Kh8 20. Qf2 Qb6 21. Rg1 Rae8 22. g5 Bh5 23. Nh4 fxg5 24. Rxg5 Nf6 25. Ng2 Bf7 26. Nf4 Bg8 27. Reg1 Qc7 28. Qh4 Qd6 29. Nce2 c5 30. dxc5 Qe5 31. R5g3 Ne4 32. Bxe4 Qxe4+ 33. R3g2 Qxf5 34. Ng3 Qe5 35. Ngh5 Qe4 36. Nf6 Qf3 37. Nxe8 Rxe8 38. Qg5 Ng6 39. Nxg6+ hxg6 40. Qxg6 Re7 41. Qg3 Qxe3 42. Qxe3 Rxe3 43. Rxg7 Bh7 44. R1g5 d4 45. Rd7 Be4+ 46. Kg1 d3 47. Re5 Re1+ 48. Kf2 Re2+ 49. Kg3 Rg2+ 50. Kh3 Bc6 51. Re8+ 1-0

[Event "YUG-chT playoff"]
[Site "?"]
[Date "1997.??.??"]
[Round "?"]
[White "Cvetkovic Srdjan"]
[Black "Vukovic Zdravko"]
[Result "1/2-1/2"]
[WhiteElo "2420"]
[BlackElo "2455"]
[PlyCount "83"]
[EventDate "1997.??.??"]
[Source "www.chesslib.no"]
[SourceDate "2004.05.04"]

1. c4 e6 2. d4 d5 3. Nc3 Be7 4. Nf3 Nf6 5. Bg5 O-O 6. e3 Nbd7 7. Rc1 a6 8. cxd5 exd5 9. Qc2 c6 10. Bd3 Re8 11. O-O Nf8 12. h3 Bd6 13. e4 dxe4 14. Nxe4 Be7 15. Rfe1 Be6 16. Nc5 Qb6 17. Nxe6 Nxe6 18. Bc4 Nd5 19. Bxe7 Rxe7 20. Bxd5 cxd5 21. Ng5 g6 22. Nxe6 Rxe6 23. Rxe6 Qxe6 24. Qc7 b5 25. Qc6 Re8 26. Qxe6 Rxe6 27. Kf1 Re4 28. Rd1 Re6 29. Rc1 Re4 30. Rc6 Rxd4 31. Rxa6 Rd2 32. b4 d4 33. Rd6 d3 34. f4 Rxa2 35. Rxd3 Rb2 36. Rd4 h5 37. Kg1 h4 38. f5 g5 39. f6 Kh7 40. Rd5 Kg6 41. Rxb5 Kxf6 42. Kf1 1/2-1/2

[Event "It (Men) Edmonton CAN"]
[Site "?"]
[Date "2006.04.13"]
[Round "1"]
[White "Kraai Jesse"]
[Black "Vavrak Peter"]
[Result "1/2-1/2"]
[WhiteElo "2466"]
[BlackElo "2408"]
[PlyCount "82"]
[EventDate "2006.??.??"]
[Source "www.chesslib.no"]
[SourceDate "2004.05.04"]

1. Nf3 d5 2. d4 Nf6 3. c4 e6 4. Nc3 Be7 5. Bg5 O-O 6. e3 a6 7. Rc1 Nbd7 8. cxd5 exd5 9. Bd3 Re8 10. O-O c6 11. Qc2 Nf8 12. Ne5 N6d7 13. Bxe7 Qxe7 14. Nxd7 Bxd7 15. b4 Qh4 16. Rfe1 Re6 17. g3 Qe7 18. a4 b5 19. Ra1 Re8 20. axb5 axb5 21. Qb2 Rh6 22. e4 dxe4 23. Rxe4 Re6 24. Rxe6 Nxe6 25. Ne4 Ng5 26. Nxg5 Qxg5 27. Bf1 h5 28. h4 Qf6 29. Qc3 g6 30. Bg2 Re6 31. Rd1 Re2 32. Bf3 Ra2 33. Kg2 Bh3+ 34. Kxh3 Rxf2 35. Bg2 Qe6+ 36. Kh2 Rxg2+ 37. Kxg2 Qe2+ 38. Kh3 Qg4+ 39. Kh2 Qe2+ 40. Kh3 Qxd1 41. Qxc6 Qg4+ 1/2-1/2

[Event "Porto San Giorgio op"]
[Site "Porto San Giorgio"]
[Date "1997.??.??"]
[Round "5"]
[White "Cebalo, Miso"]
[Black "Ciolac, Gheorghe"]
[Result "1-0"]
[WhiteElo "2485"]
[BlackElo "2385"]
[PlyCount "96"]
[EventDate "1997.07.??"]
[Source "www.chesslib.no"]
[SourceDate "2004.05.04"]

1. d4 Nf6 2. Nf3 e6 3. c4 d5 4. Nc3 Be7 5. Bg5 O-O 6. e3 Nbd7 7. Rc1 a6 8. cxd5 exd5 9. Bd3 c6 10. Qc2 Re8 11. O-O g6 12. Rfe1 Nf8 13. h3 Ne6 14. Bh6 Bf8 15. Bxf8 Kxf8 16. b4 Qd6 17. Qb2 Ng7 18. a4 Bf5 19. Bf1 Ne6 20. b5 a5 21. bxc6 bxc6 22. g4 Rab8 23. Qa2 Be4 24. Ne5 c5 25. Nb5 Rxb5 26. Bxb5 cxd4 27. Bxe8 Qxe5 28. f4 Qb8 29. Bb5 dxe3 30. Rxe3 Qxf4 31. Qf2 Qg5 32. Rf1 Kg7 33. Be2 h6 34. Rb3 Qe5 35. Rb6 g5 36. Qxf6+ Qxf6 37. Rxf6 Kxf6 38. Ra6 Ke5 39. Rxa5 Nf4 40. Bf1 h5 41. Rb5 hxg4 42. hxg4 Kd4 43. a5 Kc3 44. a6 d4 45. Rc5+ Kd2 46. a7 d3 47. Kf2 Bh1 48. Rc8 Kd1 1-0

[Event "CSR-ch int"]
[Site "Decin"]
[Date "1977.??.??"]
[Round "8"]
[White "Spiridonov, Nikola"]
[Black "Augustin, Josef"]
[Result "1/2-1/2"]
[WhiteElo "2420"]
[BlackElo "2445"]
[PlyCount "57"]
[EventDate "1977.07.??"]
[Source "ChessBase"]

1. c4 Nf6 2. Nc3 e6 3. Nf3 d5 4. d4 Be7 5. Bg5 O-O 6. e3 Nbd7 7. Rc1 c6 8. Qc2 a6 9. cxd5 exd5 10. Bd3 Re8 11. O-O h6 12. Bh4 Ne4 13. Bxe7 Qxe7 14. b4 Ndf6 15. Ne5 Qxb4 16. Nxe4 dxe4 17. Bxe4 Nxe4 18. Qxe4 f6 19. Nd3 Qf8 20. Qf3 Be6 21. Qe2 Qa3 22. Nc5 Qxa2 23. Qxa2 Bxa2 24. Nxb7 a5 25. Ra1 Reb8 26. Rxa2 Rxb7 27. Rfa1 Kf7 28. Kf1 Rb5 29. Rc1 1/2-1/2

[Event "NRW-Cup Masters op"]
[Site "Muenster"]
[Date "1997.??.??"]
[Round "2"]
[White "Cobb, James"]
[Black "Kalinitschew, Sergey"]
[Result "0-1"]
[WhiteElo "2335"]
[BlackElo "2525"]
[PlyCount "62"]
[EventDate "1997.10.??"]
[Source "ChessBase"]
[SourceDate "1997.11.24"]

1. d4 d5 2. c4 e6 3. Nc3 Nf6 4. Bg5 Nbd7 5. e3 Be7 6. Nf3 O-O 7. Rc1 a6 8. cxd5 exd5 9. Bd3 Re8 10. O-O c6 11. Qc2 Nf8 12. Ne5 N6d7 13. Bxe7 Qxe7 14. Nxd7 Bxd7 15. b4 Qh4 16. a4 Re6 17. g3 Qh5 18. b5 axb5 19. axb5 Rae8 20. Rce1 R6e7 21. Be2 Qh6 22. Bf3 Ne6 23. Bg2 Nxd4 24. Qb1 Ne6 25. Qb4 Ng5 26. Ra1 Qf6 27. Ra7 Nf3+ 28. Kh1 d4 29. exd4 Nd2 30. bxc6 Nxf1 31. Ne4 Rxe4 0-1

[Event "Naleczow"]
[Site "Naleczow"]
[Date "1979.??.??"]
[Round "1"]
[White "Plachetka, Jan"]
[Black "Jakobsen, Ole"]
[Result "1/2-1/2"]
[WhiteElo "2445"]
[BlackElo "2415"]
[PlyCount "23"]
[EventDate "1979.07.??"]
[Source "ChessBase"]

1. d4 d5 2. Nf3 Nf6 3. c4 e6 4. Nc3 Be7 5. Bg5 O-O 6. e3 Nbd7 7. Rc1 a6 8. cxd5 exd5 9. Qc2 c6 10. Bd3 Re8 11. O-O Nf8 12. Ne5 1/2-1/2

[Event "Nordic-tt"]
[Site "Oslo NOR"]
[Date "1983.??.??"]
[Round "?"]
[White "Hoi, Carsten"]
[Black "Ogaard, Leif"]
[Result "1/2-1/2"]
[WhiteElo "2370"]
[BlackElo "2485"]
[PlyCount "46"]
[EventDate "1983.10.??"]
[Source "www.chesslib.no"]
[SourceDate "2004.05.04"]

1. d4 Nf6 2. c4 e6 3. Nc3 d5 4. Bg5 Be7 5. e3 O-O 6. Nf3 Nbd7 7. Rc1 a6 8. cxd5 exd5 9. Bd3 c6 10. O-O Re8 11. Qc2 Nf8 12. Ne5 Ng4 13. Bxe7 Qxe7 14. Nxg4 Bxg4 15. Na4 Rad8 16. Nc5 g6 17. b4 h5 18. Rce1 Bc8 19. a4 Qd6 20. f3 Re7 21. a5 Nh7 22. Qf2 Kg7 23. Rd1 f5 1/2-1/2

[Event "NOR-ch"]
[Site "Asker"]
[Date "2000.07.10"]
[Round "4"]
[White "Fyllingen, Roy Harald"]
[Black "Ostenstad, Berge"]
[Result "1/2-1/2"]
[WhiteElo "2408"]
[BlackElo "2447"]
[PlyCount "85"]
[EventDate "2000.07.08"]
[Source "ChessBase"]
[SourceDate "2000.09.14"]

1. d4 d5 2. c4 e6 3. Nc3 Be7 4. Nf3 Nf6 5. Bg5 O-O 6. e3 Nbd7 7. Rc1 a6 8. cxd5 exd5 9. Bd3 c6 10. Qc2 Re8 11. h4 Nf8 12. h5 h6 13. Bh4 Be6 14. Ne5 Ng4 15. Bg3 Nxe5 16. Bxe5 Bd6 17. Bxd6 Qxd6 18. Rh4 Rad8 19. Ne2 Bc8 20. Kf1 Ne6 21. Ng3 Ng5 22. Qe2 Qe7 23. Rf4 Qc7 24. Qc2 Re7 25. b4 Qd6 26. Qc5 Qd7 27. Qb6 Qe8 28. Re1 Rd6 29. Re2 Ne4 30. Bxe4 dxe4 31. Rc2 Rd5 32. Rc5 Rxc5 33. Qxc5 Be6 34. Rxe4 Bc4+ 35. Qxc4 Rxe4 36. Nxe4 Qxe4 37. Kg1 Qf5 38. Qc5 Qb1+ 39. Kh2 Qxa2 40. Qf5 Qb2 41. Qc8+ Kh7 42. Qf5+ Kg8 43. Qc8+ 1/2-1/2

[Event "NOR-ch"]
[Site "Oslo"]
[Date "1998.??.??"]
[Round "8"]
[White "Fyllingen, Roy Harald"]
[Black "Ostenstad, Berge"]
[Result "1-0"]
[WhiteElo "2390"]
[BlackElo "2460"]
[PlyCount "109"]
[EventDate "1998.07.??"]
[Source "www.chesslib.no"]
[SourceDate "2004.05.04"]

1. d4 d5 2. Nf3 Nf6 3. c4 e6 4. Nc3 Be7 5. Bg5 O-O 6. e3 Nbd7 7. Rc1 a6 8. cxd5 exd5 9. Bd3 c6 10. Qc2 Re8 11. O-O Nf8 12. h3 Ne4 13. Bf4 Ng5 14. Ne5 f6 15. Ng4 Bd6 16. Bxd6 Qxd6 17. f4 Nf7 18. Rf3 Bxg4 19. hxg4 c5 20. Qf2 c4 21. Bb1 Rad8 22. Rh3 b5 23. Qh4 h6 24. Rf1 Qc6 25. Bc2 Re7 26. Qh5 b4 27. Ba4 Qe6 28. Ne2 Qe4 29. Rd1 Rc7 30. Kf2 Qe6 31. Bc2 Re7 32. Re1 Qb6 33. Bg6 c3 34. bxc3 bxc3 35. Rc1 Nxg6 36. Qxg6 Rc7 37. Ng3 Nh8 38. Qd3 Qb5 39. Ke2 Rb8 40. Rc2 Nf7 41. Rh1 Qa5 42. Rhc1 Rb2 43. Kf3 Nd6 44. Qg6 Qxa2 45. Rxb2 Qxb2 46. Rb1 Rb7 47. Rh1 Re7 48. Rb1 Rxe3+ 49. Kxe3 Nc4+ 50. Kf3 Qxb1 51. Nf5 Nd2+ 52. Kg3 Ne4+ 53. Kh2 Qb7 54. Qe8+ Kh7 55. Ne7 1-0

[Event "Werther GER"]
[Site "?"]
[Date "2006.04.07"]
[Round "3"]
[White "Halkias Stelios"]
[Black "Kirnos Evgeni"]
[Result "1-0"]
[WhiteElo "2528"]
[BlackElo "2305"]
[PlyCount "141"]
[EventDate "2006.??.??"]
[Source "www.chesslib.no"]
[SourceDate "2004.05.04"]

1. d4 d5 2. c4 e6 3. Nc3 Nf6 4. Bg5 Be7 5. e3 Nbd7 6. Nf3 O-O 7. Rc1 a6 8. cxd5 exd5 9. Bd3 Re8 10. O-O c6 11. Qc2 Nf8 12. Bxf6 Bxf6 13. b4 Bg4 14. Nd2 Bh5 15. Nb3 Bg6 16. Na4 Rb8 17. Nac5 Be7 18. a4 Bd6 19. Qe2 Ne6 20. Bxg6 hxg6 21. Nxe6 Rxe6 22. b5 axb5 23. axb5 Qh4 24. g3 Qh3 25. bxc6 bxc6 26. Na5 Rb6 27. Nxc6 Bxg3 28. hxg3 Rexc6 29. Qf3 Qe6 30. Kg2 Rb2 31. Rxc6 Qxc6 32. Ra1 Rb8 33. Ra7 Qe6 34. Qf4 Rc8 35. Qf3 Rb8 36. Ra5 Rd8 37. g4 Kf8 38. Rc5 Kg8 39. Rc1 Ra8 40. Rb1 Rc8 41. Rb5 Rd8 42. Qf4 Rc8 43. Rb7 Rd8 44. Kg3 Rc8 45. Ra7 Kf8 46. Ra5 Rd8 47. Rc5 Qf6 48. Rb5 Qe6 49. Qg5 Qd6+ 50. Kg2 Kg8 51. Ra5 Qd7 52. Ra7 Qe8 53. Re7 Qf8 54. Qe5 g5 55. Rb7 f6 56. Qe6+ Kh7 57. Rf7 Qd6 58. Qf5+ Kh6 59. Qb1 Rh8 60. Rb7 Qd8 61. Qh1+ Kg6 62. Qb1+ Kh6 63. Kf3 Qc8 64. Rb5 Qd8 65. Qf5 g6 66. Qb1 Re8 67. Rb7 Re7 68. Rb8 Qc7 69. Qh1+ Kg7 70. Qh8+ Kf7 71. Qg8# 1-0

[Event "Czech Extra League"]
[Site "?"]
[Date "2001.??.??"]
[Round "?"]
[White "Markos, J."]
[Black "Plachetka, J."]
[Result "1-0"]
[WhiteElo "2415"]
[BlackElo "2415"]
[PlyCount "89"]
[EventDate "2001.??.??"]
[Source "www.chesslib.no"]
[SourceDate "2004.05.04"]

1. d4 Nf6 2. c4 e6 3. Nf3 d5 4. Nc3 Nbd7 5. Bg5 Be7 6. e3 O-O 7. Rc1 a6 8. cxd5 exd5 9. Bd3 Re8 10. O-O c6 11. Qc2 Nf8 12. Ne5 Ng4 13. Bxe7 Rxe7 14. Nxg4 Bxg4 15. Na4 Qd6 16. Nc5 Rae8 17. b4 Ng6 18. a4 Nh4 19. f3 Bc8 20. Qf2 Qf6 21. Rfe1 Nf5 22. Bxf5 Bxf5 23. a5 h5 24. Re2 Qg6 25. Rce1 Bd3 26. Rb2 f6 27. Rb3 Bc4 28. Rc3 Qf5 29. Qh4 Qg6 30. e4 Qh6 31. f4 Bb5 32. e5 fxe5 33. dxe5 Rf7 34. Rf3 Qg6 35. h3 Qc2 36. Qf2 Qc4 37. f5 Qxb4 38. e6 Rfe7 39. f6 gxf6 40. Rxf6 Rg7 41. Rf7 Qc3 42. Nd7 Kh8 43. Re5 Qc1+ 44. Kh2 Qh6 45. Rxg7 1-0

[Event "Skopje ol (Men)"]
[Site "Skopje MKD"]
[Date "1972.??.??"]
[Round "3"]
[White "Ogaard, Leif"]
[Black "Csom, Istvan"]
[Result "0-1"]
[WhiteElo "2340"]
[BlackElo "2485"]
[PlyCount "81"]
[EventDate "1972.09.??"]
[Source "www.chesslib.no"]
[SourceDate "2004.05.04"]

1. d4 Nf6 2. c4 e6 3. Nf3 d5 4. Nc3 Be7 5. Bg5 Nbd7 6. e3 O-O 7. Rc1 a6 8. cxd5 exd5 9. Bd3 c6 10. Qc2 Re8 11. O-O Nf8 12. Bxf6 Bxf6 13. b4 Be7 14. Rb1 Bd6 15. Rfe1 Re6 16. e4 dxe4 17. Nxe4 Rh6 18. Nxd6 Rxd6 19. h3 Be6 20. a4 Bd5 21. Be4 Bxe4 22. Rxe4 Ne6 23. Qc4 Rd5 24. Rbe1 Qd6 25. Qb3 Rf8 26. Qc3 h6 27. Qb2 Rd8 28. Qb3 Kf8 29. Kh1 Nxd4 30. Nxd4 Rxd4 31. Qe3 Rxe4 32. Qxe4 g6 33. Qh4 Kg7 34. Qe7 Qb8 35. a5 Rd5 36. g3 Qc8 37. Kh2 Qf5 38. Kg2 Rd2 39. Qe3 Qd5+ 40. Kg1 Qd4 41. Qf3 0-1